<?xml version="1.0" encoding="UTF-8"?>
<record
    xmlns:xsi="http://www.w3.org/2001/XMLSchema-instance"
    xsi:schemaLocation="http://www.loc.gov/MARC21/slim http://www.loc.gov/standards/marcxml/schema/MARC21slim.xsd"
    xmlns="http://www.loc.gov/MARC21/slim">

  <leader>00422nam a22001457a 4500</leader>
  <controlfield tag="003">BD-RjUL</controlfield>
  <controlfield tag="005">20250520121600.0</controlfield>
  <controlfield tag="008">250520s1932    pk ||||| |||| 00| 0 urd d</controlfield>
  <datafield tag="035" ind1=" " ind2=" ">
    <subfield code="a">(BD-RjUL)</subfield>
  </datafield>
  <datafield tag="040" ind1=" " ind2=" ">
    <subfield code="a">BD-RjUL</subfield>
    <subfield code="b">eng</subfield>
    <subfield code="c">BD-RjUL</subfield>
  </datafield>
  <datafield tag="041" ind1=" " ind2=" ">
    <subfield code="a">eng</subfield>
  </datafield>
  <datafield tag="082" ind1=" " ind2=" ">
    <subfield code="2">23</subfield>
    <subfield code="a">928.9143</subfield>
    <subfield code="b">HAN 1932</subfield>
  </datafield>
  <datafield tag="245" ind1=" " ind2=" ">
    <subfield code="a">&#x646;&#x64A;&#x646;&#x6AF; &#x62E;&#x6CC;&#x627;&#x644; &#x627;&#x642;&#x628;&#x627;&#x644; / ning khayal aqbal /</subfield>
    <subfield code="c">&#x62D;&#x6A9;&#x6CC;&#x645; &#x6CC;&#x648;&#x633;&#x641; &#x62D;&#x633;&#x646;&#x6CC; ;;Hakim Yousef Hassani</subfield>
  </datafield>
  <datafield tag="942" ind1=" " ind2=" ">
    <subfield code="2">ddc</subfield>
    <subfield code="c">CR</subfield>
  </datafield>
  <datafield tag="999" ind1=" " ind2=" ">
    <subfield code="c">84960</subfield>
    <subfield code="d">84960</subfield>
  </datafield>
  <datafield tag="952" ind1=" " ind2=" ">
    <subfield code="0">0</subfield>
    <subfield code="1">0</subfield>
    <subfield code="2">ddc</subfield>
    <subfield code="4">0</subfield>
    <subfield code="7">1</subfield>
    <subfield code="8">SR</subfield>
    <subfield code="a">RUCL</subfield>
    <subfield code="b">RUCL</subfield>
    <subfield code="c">NP</subfield>
    <subfield code="d">2025-05-20</subfield>
    <subfield code="o">U/P 928.9143 HAN 1932</subfield>
    <subfield code="p">19713</subfield>
    <subfield code="r">2025-05-20 00:00:00</subfield>
    <subfield code="t">C-1</subfield>
    <subfield code="w">2025-05-20</subfield>
    <subfield code="y">CR</subfield>
  </datafield>
</record>
